000 00451nam a22001817a 4500
005 20180206153446.0
008 160701b xxu||||| |||| 00| 0 eng d
020 _a978-81-265-5427-0
041 _aeng
082 _b20497
_a005.43
100 _aSilberschatz, Abraham and others
_92308
245 _aOperating System concepts
250 _a9th ed.
260 _bWilly
_c2015
300 _a819
650 _aInformation Technology
_9137
942 _cBK
999 _c5087
_d5085